| 000 | 00558nam a2200169 a 4500 | ||
|---|---|---|---|
| 001 | 000025497 | ||
| 005 | 20200930023830.0 | ||
| 008 | 110217s1994 dr 000 0 spa d | ||
| 040 |
_aDO-SdBNP _bspa _cBNPHU |
||
| 082 |
_axxx _bS685j |
||
| 100 | 1 |
_aSoler Pala, Manuel _d1946- _952141 |
|
| 245 | 1 | 0 |
_aJesús. El corazón humano de Dios : _biniciación a la cristología / _cManuel Soler Pala. |
| 260 |
_aSanto Domingo : _bMSC, _c1994. |
||
| 300 |
_a136 P. ; _c23 cm. |
||
| 500 | _aIncluye datos biográficos del autor en la solapa de la cubierta | ||
| 049 | _aBNPD | ||
| 999 |
_c24989 _d24989 |
||